000
00272nam a22001097a 4500
082
_a
624.171 TUM'T
100
_a
TUMA, JAN J
_9
3085
245
_a
THEORY AND PROBLEMS OF ADVANCED STRUCTURAL ANALYSIS
260
_a
NEWYORK
_b
MCGRAW HILL
_c
1971
300
_a
280P
942
_c
BK
999
_c
569070
_d
569070